000 00966nam a2200229 a 4500
001 65844
003 BD-RjUL
005 20211209081453.0
008 170312s2003 ii |||| |||| 000 0 ben d
020 _c: Tk. 40.00
035 _a(BD-RjUL)65974
040 _aBD-RjUL
_bben
_cBD-RjUL
_dBD-RjUL
041 _aben
082 _223
_a891.4409
_bCHS 2003
100 1 _aচক্রবর্তী, সান্ত্বনা
_9189229
245 1 0 _aত্রৈলোক্যনাথ স্বর্ণকুমারী প্রভাতকুমারের গল্প /
_cসান্ত্বনা চক্রবর্তী
260 _aকলকাতা :
_bপুস্তক বিপণী
_c২০০৩
300 _a৯৬ পৃ. ;
_c২১ সেমি.
650 _aবাংলা সাহিত্য
_xইতিহাস ও সমালোচনা
_9179529
650 _aBengali Literature
_xHistory and Criticism
_9188646
942 _2ddc
_cBK
999 _c65844
_d65844